La réponse contient une lettre double - Statistiques

Statistiques générales
  • Ce quiz a été pris 216 fois
  • Le résultat moyen est 15 sur 19
Statistiques - réponses
Mot contenant... Définition Réponse % Correct
DD Un calcul encore plus simple qu'une soustraction Addition
96%
CC A l'opposé de l'orient Occident
95%
BB Un jeu où certains mots comptent triple Scrabble
95%
OO A consommer avec modération Alcool
94%
MM La réponse aurait pu être "homme", mais c'est... Femme
94%
ZZ C'est italien, c'est circulaire, et ça se mange Pizza
93%
SS La nation du whisky, des kilts, et du monstre du Loch Ness Écosse
92%
LL Un sport avec un filet à plus de 2 mètres du sol Volley-ball
92%
GG Certains appellent ça "course à pied" ou "footing" Jogging
91%
EE Des montagnes franco-espagnoles Pyrénées
90%
FF Vraiment pas facile, ce mot Difficile
87%
PP Un gros animal d'Afrique, tout gris... et sans trompe Hippopotame
85%
NN Un sport avec un filet au niveau du sol Tennis
83%
RR Un véhicule parfois en forme de citrouille Carrosse
80%
KK A permis aux Vikings de traverser les mers et les océans Drakkar
77%
AA Un récipient fort convoité, notamment par le Roi Arthur Graal
76%
II L'un des principaux courants de l'islam Chiisme
57%
TT Il y en a six dans ce mot, dont deux T Lettre
50%
UU Le vide, autant en français qu'en anglais Vacuum
14%
Aucun quiz correspondant
Distribution des résultats
% des personnes avec chaque résultat
Percentile par nombre de réponses
Votre historique - résultats
Vous n’avez pas pris ce quiz